Z Jakiego Meczu Jest ten Komentarz - Statystyki

Ogólne statystyki
  • Ten quiz został rozwiązany 52 razy
  • Średni wynik to 3 z 8
Statystyki odpowiedzi
Komentarz Mecz % Poprawnych
"*** w pole karne!Nie było tutaj nikogo,chociaż jest!!!Jest!!!Jest!!! 2 do 2!Brawo Pavard.(2.Komentator)Ta akcja na pełnej szybkości nie można było tego lepiej zakończyć." Francja-Argentyna
82%
"Jak zakończy się ta akcja.Luka Modrić Rozciągnięcie.Dogranie w pole karne,wybijał ***.Jeszcze Chorwaci. Perisić,Perisić!!!Aj!Aj!Ależ Gol!!Ależ odpowiedź Chorwatów!" Francja-Chorwacja
71%
"Już po drugiej stronie ***,ale błąd teraz *** !!!Gooooooool!!!***!!!Co zrobił ***!Katastrofa Argentyńskiego Bramkarza!Dramat ***!*** bohaterem! Chorwacja-Argentyna
62%
"*** dalej czuje ten mecz w kościach,Zieliński i jeszcze raz lewa noga!!! I goooooool!!! Doliczony czas gry Piotr Zieliński!!! Polska-Korea Południowa
47%
"Będzie ten charakterystyczny nabieg.***!Aj!Aj!Aj!Aj!Hat-Trick!!!Ależ gol!Można go kochać ale na pewno trzeba podziwiać i oddać mu to co mu jest należne." Hiszpania-Portugalia
33%
"*** do *** ma okazje nie atakowany ,by odegrać dobrze do *** szuka lewej nogi!!!A!A!A!Jest!!!!Jeeest!!!Jeeeeessst!!!Ależ Bramka!Brawo ***" Ukraina-Polska
4%
"***,*** do lewej nogi,*** strzela,co za akcja!!!Co za goooooooool!!!Jak Maradona!16 minuta ***-***.2:1." Liverpool-Arsenal
2%
"Ponowna akcja ***.Brawo ***.poradził sobie z trzema rywalami,niesamowita akcja ***.Zagranie w kierunku *** Strzał na bramkę ***!Ach jak niewiele brakowało!2 rzut rożny dla ***.Iiii amamy goola!!!***!*** *** 1:0.Gol!Gol!Gol!Gooooooool!" Wisła-FC Barcelona
2%
Nie znaleziono quizów pasujących do podanych kryteriów
Rozkład punktacji
Procent ludzi z każdym wynikiem
Percentyl według liczby udzielonych odpowiedzi
Twoja historia wyników
Nie rozwiązałeś tego quizu